[Event "Junior Online 4NCL Division 4"]
[Site "online"]
[Date "2020.09.03"]
[Round "2.187"]
[White "Hutchison, Alec"]
[Black "Govindu, Aashrith Reddy"]
[Result "0-1"]
[WhiteElo "925"]
[BlackElo "1075"]
[PlyCount "58"]
[EventDate "2020.09.03"]
[WhiteTeam "Surbiton Juniors E"]
[BlackTeam "Manchester Juniors D"]

1. e4 e5 2. Nf3 Nc6 3. Bb5 Nf6 4. Bxc6 bxc6 5. Nxe5 Bc5 6. O-O O-O 7. Nc3 Bd6
8. Ng4 Nxg4 9. Qxg4 Be7 10. d4 d5 11. exd5 Bxg4 12. f3 Bc8 13. dxc6 Qd6 14. Re1
Qg6 15. Rxe7 Bh3 16. g3 Rae8 17. Rxc7 Rc8 18. Rxa7 Qf6 19. Be3 Rce8 20. Re1 Re6
21. d5 Re5 22. Bd4 Rfe8 23. Bxe5 Qg6 24. Rd1 Qf5 25. f4 Qg4 26. d6 Qf3 27. Rd2
Qe3+ 28. Kh1 Qxd2 29. Kg1 Qg2# 0-1

[Event "Junior Online 4NCL Division 4"]
[Site "online"]
[Date "2020.09.03"]
[Round "2.188"]
[White "Meredith, George"]
[Black "Ciais, Dimitri P"]
[Result "0-1"]
[WhiteElo "1007"]
[BlackElo "827"]
[PlyCount "38"]
[EventDate "2020.09.03"]
[WhiteTeam "Manchester Juniors D"]
[BlackTeam "Surbiton Juniors E"]

1. e4 c5 2. Nf3 Nc6 3. Nc3 e5 4. Bb5 Nge7 5. Bxc6 Nxc6 6. O-O g6 7. d3 Bg7 8.
Bg5 f6 9. Be3 d6 10. Nd5 O-O 11. Nc3 f5 12. a3 f4 13. Bd2 Bg4 14. b4 cxb4 15.
axb4 Nd4 16. h3 Bxf3 17. gxf3 Qg5+ 18. Kh1 Qh5 19. Rg1 Qxh3# 0-1

[Event "Junior Online 4NCL Division 4"]
[Site "online"]
[Date "2020.09.03"]
[Round "2.191"]
[White "Barringer-Allen, William B"]
[Black "Querfurth Waterman, Tal"]
[Result "1-0"]
[WhiteElo "1285"]
[BlackElo "850"]
[PlyCount "50"]
[EventDate "2020.09.03"]
[WhiteTeam "May The Fork Be With You 4"]
[BlackTeam "Eden Primary Bishops"]

1. d4 e5 2. e3 exd4 3. exd4 c5 4. Nf3 cxd4 5. Nxd4 Nc6 6. Nxc6 bxc6 7. Nc3 d6
8. Bf4 d5 9. g3 Bf5 10. Qd2 d4 11. Ne2 Qb6 12. Nxd4 Bb4 13. c3 Be7 14. Nxf5 Rd8
15. Bd3 g6 16. Nxe7 Nxe7 17. Bh6 Qb7 18. O-O Ng8 19. Bg7 f6 20. Bxh8 Qf7 21.
Qf4 Rxd3 22. Qe4+ Ne7 23. Qxd3 Qf8 24. Qd6 Qxh8 25. Rfe1 h5 1-0

[Event "Junior Online 4NCL Division 4"]
[Site "online"]
[Date "2020.09.03"]
[Round "2.192"]
[White "Marks, Rory"]
[Black "Popat, Imara"]
[Result "0-1"]
[WhiteElo "827"]
[BlackElo "1285"]
[PlyCount "156"]
[EventDate "2020.09.03"]
[WhiteTeam "Eden Primary Bishops"]
[BlackTeam "May The Fork Be With You 4"]

1. e4 e5 2. Nf3 Nc6 3. d4 exd4 4. Bc4 Bc5 5. c3 dxc3 6. Bxf7+ Kxf7 7. Qd5+ Ke8
8. Qxc5 c2 9. Qxc2 d5 10. Qc3 Nf6 11. Bd2 dxe4 12. Ng5 h6 13. Nh3 Rf8 14. O-O
Ng4 15. Bf4 g5 16. Be5 Ngxe5 17. Na3 g4 18. Rfd1 Qf6 19. Rf1 gxh3 20. gxh3 Rg8+
21. Kh1 Qg6 22. Qg3 Ng4 23. hxg4 Bxg4 24. Rg1 Nd4 25. Qxg4 Qxg4 26. Rxg4 Rxg4
27. Rg1 Rf4 28. Rg8+ Rf8 29. Rg7 Nf5 30. Rxc7 Nh4 31. Kg1 Rd8 32. h3 Rd1+ 33.
Kh2 Rxf2+ 34. Kg3 Nf5+ 35. Kxf2 Rd2+ 36. Ke1 Rxb2 37. Rc2 Rb4 38. Rc8+ Kd7 39.
Ra8 Ra4 40. Rh8 Rxa3 41. Rh7+ Ke8 42. Rxb7 Rxa2 43. Rb5 Ra1+ 44. Kd2 Ra2+ 45.
Kc3 Ra3+ 46. Kb4 Rf3 47. Re5+ Kf7 48. Kc5 e3 49. Kd5 a5 50. Re4 a4 51. Rxa4 e2
52. Ra1 Rd3+ 53. Ke4 Rd1 54. Rxd1 exd1=Q 55. Kxf5 Qf1+ 56. Ke4 Qg2+ 57. Kf4
Qxh3 58. Ke5 Qe6+ 59. Kf4 Kg6 60. Kg3 Kg5 61. Kf3 Kh4 62. Kf4 Qg4+ 63. Ke5 Kg5
64. Kd5 Kf5 65. Kd6 Qd4+ 66. Kc6 Ke5 67. Kb5 Kd5 68. Ka6 Kc6 69. Ka5 Kd6 70.
Kb5 Qc5+ 71. Ka4 Qc4+ 72. Ka5 h5 73. Kb6 h4 74. Kb7 h3 75. Kb6 h2 76. Kb7 h1=Q+
77. Kb6 Qhc6+ 78. Ka5 Q4b5# 0-1

[Event "Junior Online 4NCL Division 4"]
[Site "online"]
[Date "2020.09.03"]
[Round "2.193"]
[White "Srinivasan, Gowri"]
[Black "Block, Leo"]
[Result "1-0"]
[WhiteElo "1262"]
[BlackElo "887"]
[PlyCount "61"]
[EventDate "2020.09.03"]
[WhiteTeam "May The Fork Be With You 4"]
[BlackTeam "Eden Primary Bishops"]

1. d4 d5 2. Nc3 Nf6 3. Nf3 Nc6 4. Bf4 Nxd4 5. Nxd4 e5 6. Bxe5 Bc5 7. e3 O-O 8.
Nf3 Bb4 9. Bd3 c6 10. Ng5 Ng4 11. Bf4 Bd6 12. h3 Bxf4 13. exf4 f6 14. Nxh7 Re8+
15. Ne2 Nh6 16. Qd2 g5 17. fxg5 fxg5 18. h4 Bg4 19. Nxg5 Nf7 20. Nxf7 Kxf7 21.
Qf4+ Ke6 22. Qxg4+ Ke5 23. O-O-O Qa5 24. Kb1 Rg8 25. Qh5+ Kd6 26. c3 c5 27.
Rhe1 Rxg2 28. Nf4 Rxf2 29. Qg6+ Kc7 30. Re7+ Kb8 31. Qg8+ 1-0

[Event "Junior Online 4NCL Division 4"]
[Site "online"]
[Date "2020.09.03"]
[Round "2.194"]
[White "Feldman, Joshua"]
[Black "Barbier-Ramaiah, Rohan Theo"]
[Result "0-1"]
[WhiteElo "850"]
[BlackElo "1180"]
[PlyCount "60"]
[EventDate "2020.09.03"]
[WhiteTeam "Eden Primary Bishops"]
[BlackTeam "May The Fork Be With You 4"]

1. e4 e5 2. Bc4 Nc6 3. Nf3 Be7 4. O-O Nf6 5. d3 O-O 6. Nc3 Re8 7. Be3 b6 8. a4
Bb7 9. a5 bxa5 10. Bb5 d6 11. Bxc6 Bxc6 12. Rxa5 a6 13. Nh4 Bb7 14. Nf5 c5 15.
d4 Qxa5 16. Nxe7+ Rxe7 17. dxc5 dxc5 18. Nd5 Nxd5 19. exd5 c4 20. b3 cxb3 21.
cxb3 Bxd5 22. Qc1 Bxb3 23. Bc5 Rc7 24. h3 Rxc5 25. Qb2 Rb5 26. Qe2 Rd8 27. Qh5
e4 28. Rc1 Rxh5 29. Rc6 Qe5 30. Rxa6 Rd1# 0-1

[Event "Junior Online 4NCL Division 4"]
[Site "online"]
[Date "2020.09.03"]
[Round "2.196"]
[White "Popat, Imara"]
[Black "Marks, Rory"]
[Result "0-1"]
[WhiteElo "1285"]
[BlackElo "827"]
[PlyCount "116"]
[EventDate "2020.09.03"]
[WhiteTeam "May The Fork Be With You 4"]
[BlackTeam "Eden Primary Bishops"]

1. e4 e5 2. Nf3 Nf6 3. Bc4 Nc6 4. Ng5 Qe7 5. O-O Qc5 6. Bxf7+ Ke7 7. Bb3 h6 8.
Nf7 Rg8 9. Nxe5 Qxe5 10. Bxg8 Nxg8 11. d4 Nxd4 12. c3 Ne6 13. Na3 Qxe4 14. Re1
Qg6 15. Qf3 Kd8 16. Bd2 Nf6 17. h3 d6 18. Re3 Nf4 19. Qxf4 Nd5 20. Qxf8+ Kd7
21. Rd3 Qxd3 22. Qf7+ Ne7 23. Bf4 g5 24. Be3 Qe4 25. Bd4 g4 26. hxg4 Qxg4 27.
Bf6 Qe4 28. Kf1 Kc6 29. Bxe7 Qd3+ 30. Kg1 b6 31. Rc1 Bb7 32. Qf3+ Qd5 33. Rd1
Qxf3 34. gxf3 Kc5 35. b4+ Kc6 36. Bh4 Rg8+ 37. Kf1 Rf8 38. Be7 Rxf3 39. b5+ Kc5
40. Nc2 Rxc3 41. Rc1 Be4 42. f3 Rxf3+ 43. Ke2 Rf7 44. Ne3+ Kxb5 45. Bg5 Bf3+
46. Kd3 Rg7 47. Bd8 Rg3 48. Rxc7 Bg2 49. Rxa7 Bf1+ 50. Kd2 Bh3 51. Bh4 Rg6 52.
Nd5 Rg2+ 53. Ke3 Be6 54. Nc3+ Kc4 55. Ne2 Bg4 56. Ra4+ Kc5 57. Bf2 Kb5 58. Nc3+
Kc6 0-1

[Event "Junior Online 4NCL Division 4"]
[Site "online"]
[Date "2020.09.03"]
[Round "2.197"]
[White "Block, Leo"]
[Black "Srinivasan, Gowri"]
[Result "0-1"]
[WhiteElo "887"]
[BlackElo "1262"]
[PlyCount "62"]
[EventDate "2020.09.03"]
[WhiteTeam "Eden Primary Bishops"]
[BlackTeam "May The Fork Be With You 4"]

1. e4 e5 2. b3 Nf6 3. Bb2 Nc6 4. Nf3 d6 5. Bc4 Nxe4 6. O-O Nf6 7. Nc3 Ng4 8.
Re1 g6 9. Nd5 Bg7 10. Ne3 Bd7 11. h3 Nxe3 12. Rxe3 Qe7 13. Bd3 d5 14. Qf1 O-O-O
15. c3 e4 16. Be2 Qf6 17. Nd4 Nxd4 18. cxd4 Qb6 19. f3 exf3 20. Bxf3 Bxd4 21.
Bxd4 Qxd4 22. Qf2 Qxa1+ 23. Re1 Qxa2 24. Re2 Qxb3 25. Re3 Qb5 26. Be2 Qb6 27.
Re7 Qxf2+ 28. Kxf2 f5 29. Re3 a5 30. Ra3 a4 31. Bd1 b5 0-1

[Event "Junior Online 4NCL Division 4"]
[Site "online"]
[Date "2020.09.03"]
[Round "2.198"]
[White "Barbier-Ramaiah, Rohan Theo"]
[Black "Feldman, Joshua"]
[Result "1-0"]
[WhiteElo "1180"]
[BlackElo "850"]
[PlyCount "39"]
[EventDate "2020.09.03"]
[WhiteTeam "May The Fork Be With You 4"]
[BlackTeam "Eden Primary Bishops"]

1. d4 d6 2. c4 Bf5 3. Nc3 g6 4. e4 Be6 5. Nf3 Nf6 6. Be2 c6 7. b3 Ng4 8. h3 Nf6
9. a4 Na6 10. Ba3 Qd7 11. O-O O-O-O 12. Qc2 Bh6 13. Rfd1 c5 14. dxc5 Qe8 15.
cxd6 exd6 16. Bxd6 Nxe4 17. Nxe4 Nb4 18. Bxb4 Rxd1+ 19. Rxd1 a6 20. Nd6+ 1-0

[Event "Junior Online 4NCL Division 4"]
[Site "online"]
[Date "2020.09.03"]
[Round "2.201"]
[White "Vinodh, Sampriti"]
[Black "Ethelontis, Elena"]
[Result "1-0"]
[WhiteElo "103"]
[BlackElo "1292"]
[PlyCount "42"]
[EventDate "2020.09.03"]
[WhiteTeam "East Kilbride Elephants"]
[BlackTeam "Barnet Knights D"]

1. e4 e5 2. Nf3 f6 3. Nc3 Nc6 4. Bb5 Nge7 5. d3 b6 6. Bxc6 Nxc6 7. O-O Bb7 8.
Be3 Qe7 9. Nd5 Qd8 10. Nc3 d6 11. Nb5 Qd7 12. b3 O-O-O 13. a4 Kb8 14. c4 g6 15.
d4 Rg8 16. d5 Ne7 17. Nd2 f5 18. exf5 gxf5 19. Nf3 f4 20. Bd2 Qg4 21. h3 Qxg2#
1-0

[Event "Junior Online 4NCL Division 4"]
[Site "online"]
[Date "2020.09.03"]
[Round "2.203"]
[White "Chaudhury, Raunak"]
[Black "Allen, Sonny"]
[Result "1-0"]
[WhiteElo "100"]
[BlackElo "1142"]
[PlyCount "20"]
[EventDate "2020.09.03"]
[WhiteTeam "East Kilbride Elephants"]
[BlackTeam "Barnet Knights D"]

1. e4 e5 2. Nc3 Nf6 3. Nf3 Nc6 4. Bc4 Nxe4 5. Nxe4 d5 6. Nc5 dxc4 7. Nxe5 Bxc5
8. Nxc4 O-O 9. Ne3 Qd4 10. Nf5 Qxf2# 1-0

[Event "Junior Online 4NCL Division 4"]
[Site "online"]
[Date "2020.09.03"]
[Round "2.204"]
[White "Rupani, Adam"]
[Black "Pandey, Annie"]
[Result "0-1"]
[WhiteElo "1045"]
[BlackElo "100"]
[PlyCount "108"]
[EventDate "2020.09.03"]
[WhiteTeam "Barnet Knights D"]
[BlackTeam "East Kilbride Elephants"]

1. e4 e5 2. Bd3 Bd6 3. Nf3 Nf6 4. Nc3 Nc6 5. O-O O-O 6. Bc4 Ng4 7. h3 Nf6 8.
Na4 Nxe4 9. h4 Bb4 10. Re1 Nc5 11. Nxc5 Bxc5 12. Ng5 d6 13. d3 h6 14. Nh3 Qf6
15. a3 Qg6 16. Re4 Bf5 17. Re2 Bg4 18. Ng5 hxg5 19. hxg5 Qxg5 20. d4 Qh4 21.
dxc5 Nd4 22. Bxf7+ Rxf7 23. cxd6 cxd6 24. f3 Bf5 25. c3 Nxe2+ 26. Qxe2 Rf6 27.
Qc4+ Kh7 28. g3 Qxg3+ 29. Kf1 Rg6 30. Qd3 Qg1+ 31. Ke2 Qg2+ 32. Ke3 Bxd3 33.
Kxd3 Qxf3+ 34. Kc2 Rg2+ 35. Kb3 Rg3 36. Rb1 Qxc3+ 37. bxc3 g5 38. Bd2 Rh3 39.
Be1 g4 40. Rd1 g3 41. Rxd6 g2 42. Rd7+ Kh8 43. Rd1 g1=Q 44. Bd2 Qxd1+ 45. Kc4
Qxd2 46. a4 Qxc3+ 47. Kb5 Rh2 48. a5 Rb2+ 49. Ka4 Qa3+ 50. Kxa3 Rf2 51. a6 Rb8
52. axb7 e4 53. Kb3 e3 54. Kc3 e2 0-1

[Event "Junior Online 4NCL Division 4"]
[Site "online"]
[Date "2020.09.03"]
[Round "2.205"]
[White "Ethelontis, Elena"]
[Black "Vinodh, Sampriti"]
[Result "0-1"]
[WhiteElo "1292"]
[BlackElo "103"]
[PlyCount "49"]
[EventDate "2020.09.03"]
[WhiteTeam "Barnet Knights D"]
[BlackTeam "East Kilbride Elephants"]

1. d4 d5 2. Nf3 Bf5 3. c4 dxc4 4. Nc3 Nc6 5. e3 e6 6. Bxc4 Bb4 7. Be2 Bxc3+ 8.
bxc3 Bg4 9. O-O Bxf3 10. Bxf3 Nf6 11. Rb1 b6 12. Bxc6+ Nd7 13. Bxa8 Qxa8 14.
Qa4 Qd8 15. Qxa7 O-O 16. Qa3 Nf6 17. f3 Nd5 18. Bd2 h6 19. Qb3 Qa8 20. c4 Ne7
21. a4 c5 22. Qxb6 cxd4 23. Qxd4 Qxa4 24. Bc3 Qc6 25. Qxg7# 0-1

[Event "Junior Online 4NCL Division 4"]
[Site "online"]
[Date "2020.09.03"]
[Round "2.206"]
[White "Hazra, Samriti"]
[Black "Bruhn, Jonas"]
[Result "1-0"]
[WhiteElo "100"]
[BlackElo "1210"]
[PlyCount "38"]
[EventDate "2020.09.03"]
[WhiteTeam "East Kilbride Elephants"]
[BlackTeam "Barnet Knights D"]

1. d4 e6 2. Bf4 d6 3. e3 Be7 4. Nf3 Nf6 5. Bd3 b6 6. O-O O-O 7. Nc3 Nc6 8. Ne4
d5 9. Nxf6+ Bxf6 10. b4 Nxb4 11. a3 Nxd3 12. Qxd3 g5 13. Be5 g4 14. Ne1 Kh8 15.
h3 gxh3 16. gxh3 Rg8+ 17. Kh2 Bxe5+ 18. Kh1 Qg5 19. Nf3 Qg2# 1-0

[Event "Junior Online 4NCL Division 4"]
[Site "online"]
[Date "2020.09.03"]
[Round "2.207"]
[White "Allen, Sonny"]
[Black "Chaudhury, Raunak"]
[Result "1/2-1/2"]
[WhiteElo "1142"]
[BlackElo "100"]
[PlyCount "64"]
[EventDate "2020.09.03"]
[WhiteTeam "Barnet Knights D"]
[BlackTeam "East Kilbride Elephants"]

1. e4 e5 2. Nf3 Nc6 3. Nc3 Nf6 4. Bb5 d6 5. Bxc6+ bxc6 6. d3 Bg4 7. O-O Bxf3 8.
Qxf3 g5 9. Qf5 Nh5 10. Bxg5 Be7 11. Bxe7 Qxe7 12. Qxh5 Rg8 13. g3 Rxg3+ 14.
hxg3 Kd7 15. Qf5+ Ke8 16. Kg2 Qe6 17. Qxh7 Ke7 18. Rh1 Qf6 19. Rh6 Rh8 20. Qf5
Rxh6 21. Qxf6+ Kxf6 22. Rh1 Rg6 23. a4 d5 24. b4 d4 25. Ne2 Kg7 26. c3 dxc3 27.
Nxc3 c5 28. bxc5 Rc6 29. Nb5 Rxc5 30. Nxa7 Rc3 31. Nb5 Rxd3 32. a5 c6 1/2-1/2

[Event "Junior Online 4NCL Division 4"]
[Site "online"]
[Date "2020.09.03"]
[Round "2.208"]
[White "Pandey, Annie"]
[Black "Rupani, Adam"]
[Result "1-0"]
[WhiteElo "100"]
[BlackElo "1045"]
[PlyCount "53"]
[EventDate "2020.09.03"]
[WhiteTeam "East Kilbride Elephants"]
[BlackTeam "Barnet Knights D"]

1. e4 e5 2. Bc4 Bc5 3. Qf3 Qh4 4. Qxf7+ Kd8 5. Qxg7 Qxf2+ 6. Kd1 Qh4 7. Qxh8
Ke7 8. Qg7+ Kd6 9. Qxg8 b5 10. Nf3 Qg4 11. Qxg4 bxc4 12. Qg8 Bb7 13. Qxc4 Bxe4
14. Qxe4 Nc6 15. Qxh7 e4 16. h4 exf3 17. gxf3 a5 18. Rh3 Nd4 19. Rg3 Ra6 20.
Rg5 Bb4 21. Qh6+ Ke7 22. Qh7+ Kd8 23. Rg7 c6 24. Rxd7+ Kc8 25. Rg7 Nxf3 26.
Qh8+ Bf8 27. Qxf8# 1-0

[Event "Junior Online 4NCL Division 4"]
[Site "online"]
[Date "2020.09.03"]
[Round "2.211"]
[White "Kucukyildiz, Alp Tugrul"]
[Black "Man, Felix"]
[Result "1-0"]
[WhiteElo "1360"]
[BlackElo "940"]
[PlyCount "129"]
[EventDate "2020.09.03"]
[WhiteTeam "Wimbledon Juniors"]
[BlackTeam "Muswell Hill Primary"]

1. e4 e5 2. Nf3 Nc6 3. Bb5 f6 4. O-O a6 5. Ba4 Bc5 6. d3 Nge7 7. Be3 Bd6 8.
Nbd2 O-O 9. Nc4 b5 10. Nxd6 cxd6 11. Bb3+ Kh8 12. c3 f5 13. Nh4 fxe4 14. dxe4
a5 15. Qxd6 Rf6 16. Qd1 a4 17. Bc2 d5 18. exd5 Qxd5 19. Bg5 Qxd1 20. Raxd1 Rf8
21. Be4 Re8 22. Bxe7 Rxe7 23. Bxc6 Bb7 24. Bxb7 Rxb7 25. h3 h6 26. Ng6+ Kh7 27.
Nxe5 Re7 28. Nd3 Kg6 29. Rfe1 Rc7 30. Re6+ Kh7 31. Nb4 Rf8 32. Rdd6 Kg8 33. Rc6
Rcf7 34. f3 Rd7 35. Red6 Re7 36. Kf2 Rfe8 37. Rd2 Kf7 38. Nd5 Rd7 39. Rc5 Ke6
40. Re2+ Kf7 41. Rxe8 Kxe8 42. Rc8+ Kf7 43. Rc7 Rxc7 44. Nxc7 Ke7 45. Nxb5 Kf6
46. b3 axb3 47. axb3 Ke6 48. Ke3 Ke5 49. f4+ Kf5 50. g4+ Kg6 51. Ke4 Kf6 52. h4
Kf7 53. Nd6+ Ke6 54. Nf5 g6 55. Nxh6 Kf6 56. g5+ Kg7 57. f5 gxf5+ 58. Kxf5 Kh7
59. b4 Kg7 60. b5 Kf8 61. b6 Ke7 62. b7 Kd7 63. b8=Q Ke7 64. Qc7+ Kf8 65. Qf7#
1-0

[Event "Junior Online 4NCL Division 4"]
[Site "online"]
[Date "2020.09.03"]
[Round "2.212"]
[White "Bagshaw, Freddie"]
[Black "Mallick, Ismail"]
[Result "1/2-1/2"]
[WhiteElo "1000"]
[BlackElo "1075"]
[PlyCount "75"]
[EventDate "2020.09.03"]
[WhiteTeam "Muswell Hill Primary"]
[BlackTeam "Wimbledon Juniors"]

1. e3 e5 2. Nf3 Nc6 3. Bc4 Be7 4. O-O Nf6 5. Ng5 O-O 6. Nc3 d5 7. Bb3 Bg4 8.
Qe1 Re8 9. h3 Bd7 10. Nb5 a6 11. Na3 b5 12. c3 Rb8 13. Bc2 a5 14. Qe2 b4 15.
Nb1 h6 16. Nf3 e4 17. Nd4 Nxd4 18. exd4 Bb5 19. c4 Bxc4 20. d3 exd3 21. Bxd3
Bd6 22. Nd2 Rxe2 23. Bxe2 Bxe2 24. Re1 Bb5 25. Nb3 Ra8 26. Be3 Qd7 27. Rad1 a4
28. Nc1 Re8 29. Rd2 Ne4 30. Rc2 Nf6 31. b3 a3 32. Rd1 Ne4 33. Nd3 Nc3 34. Rdd2
Ne4 35. Rd1 Nc3 36. Rdd2 Nb1 37. Rd1 Nc3 38. Rdd2 1/2-1/2

[Event "Junior Online 4NCL Division 4"]
[Site "online"]
[Date "2020.09.03"]
[Round "2.213"]
[White "Farsi-Holford, William"]
[Black "Turner, Howie"]
[Result "1-0"]
[WhiteElo "1075"]
[BlackElo "925"]
[PlyCount "45"]
[EventDate "2020.09.03"]
[WhiteTeam "Wimbledon Juniors"]
[BlackTeam "Muswell Hill Primary"]

1. e4 e5 2. Nf3 Nc6 3. Nc3 Nf6 4. Bc4 Bc5 5. O-O O-O 6. h3 Qe8 7. Bb5 d6 8.
Bxc6 bxc6 9. d3 Rb8 10. a3 Ba6 11. b4 Bd4 12. Nxd4 exd4 13. Ne2 c5 14. bxc5
dxc5 15. Nf4 Nxe4 16. Re1 Nc3 17. Rxe8 Rbxe8 18. Qd2 Re7 19. Nh5 g6 20. Qg5 Kh8
21. Qxe7 Rg8 22. Qf6+ Rg7 23. Qxg7# 1-0

[Event "Junior Online 4NCL Division 4"]
[Site "online"]
[Date "2020.09.03"]
[Round "2.214"]
[White "Rosenfield, Benjamin"]
[Black "Kou, Edward"]
[Result "0-1"]
[WhiteElo "962"]
[BlackElo "925"]
[PlyCount "92"]
[EventDate "2020.09.03"]
[WhiteTeam "Muswell Hill Primary"]
[BlackTeam "Wimbledon Juniors"]

1. e4 e5 2. Nf3 Nc6 3. Nc3 Nf6 4. Bc4 Bc5 5. O-O O-O 6. d3 d6 7. Bg5 h6 8. Bh4
Nd4 9. Nxd4 Bxd4 10. Na4 b6 11. Re1 g5 12. Bg3 Bg4 13. h3 Bxd1 14. Raxd1 Qd7
15. c3 Qxa4 16. cxd4 Qxa2 17. Bxa2 exd4 18. Bb3 Nh7 19. e5 Rae8 20. exd6 cxd6
21. Bxd6 Rxe1+ 22. Rxe1 Rd8 23. Bc7 Rc8 24. Bd6 Nf6 25. Bb4 Ne8 26. Ba4 Nc7 27.
Re8+ Nxe8 28. Bxe8 Rxe8 29. g4 Re2 30. f3 Rxb2 31. Ba3 Rb3 32. Bc1 Rxd3 33. Ba3
Rxa3 34. Kg2 d3 35. Kf1 d2 36. Ke2 Ra2 37. Kd1 b5 38. Ke2 b4 39. Kd1 b3 40. Ke2
b2 41. Kxd2 b1=Q+ 42. Ke3 Ra4 43. Ke2 Qb3 44. Kf2 Ra2+ 45. Kg3 Qb8+ 46. f4 Qb3#
0-1

[Event "Junior Online 4NCL Division 4"]
[Site "online"]
[Date "2020.09.03"]
[Round "2.215"]
[White "Man, Felix"]
[Black "Kucukyildiz, Alp Tugrul"]
[Result "0-1"]
[WhiteElo "940"]
[BlackElo "1360"]
[PlyCount "104"]
[EventDate "2020.09.03"]
[WhiteTeam "Muswell Hill Primary"]
[BlackTeam "Wimbledon Juniors"]

1. e4 e5 2. Nf3 Nf6 3. Nc3 Nc6 4. Bc4 Bc5 5. O-O O-O 6. Nxe5 Nxe5 7. d4 Nxc4 8.
dxc5 Ne5 9. Bf4 Nc6 10. Nb5 d6 11. cxd6 cxd6 12. Qxd6 Qxd6 13. Bxd6 Rd8 14. Bg3
Nxe4 15. Bf4 Be6 16. Nc7 Rac8 17. Rfe1 Bf5 18. f3 Nd6 19. Bxd6 Rxd6 20. Nb5 Re6
21. Rxe6 Bxe6 22. Nd6 Rc7 23. Re1 Kf8 24. f4 Re7 25. Kf2 Bxa2 26. Rxe7 Kxe7 27.
Nxb7 Bb1 28. c3 Kd7 29. Nc5+ Kd6 30. Nb7+ Kc7 31. Nc5 Bc2 32. b3 Kb6 33. Nd7+
Kc7 34. Nf8 Bxb3 35. Nxh7 f6 36. g4 a5 37. g5 f5 38. h4 a4 39. h5 a3 40. h6
gxh6 41. g6 a2 42. g7 a1=Q 43. g8=Q Bxg8 44. Nf6 Qb2+ 45. Ke3 Qxc3+ 46. Ke2
Qxf6 47. Kd3 Qd4+ 48. Kc2 Nb4+ 49. Kb1 Ba2+ 50. Kc1 Nd3+ 51. Kd1 Nb2+ 52. Kc1
Qc3# 0-1

[Event "Junior Online 4NCL Division 4"]
[Site "online"]
[Date "2020.09.03"]
[Round "2.216"]
[White "Mallick, Ismail"]
[Black "Bagshaw, Freddie"]
[Result "1-0"]
[WhiteElo "1075"]
[BlackElo "1000"]
[PlyCount "113"]
[EventDate "2020.09.03"]
[WhiteTeam "Wimbledon Juniors"]
[BlackTeam "Muswell Hill Primary"]

1. e4 e5 2. c4 Nf6 3. Nc3 Bc5 4. Be2 O-O 5. Nf3 Ng4 6. O-O Nc6 7. d3 f6 8. h3
Nh6 9. a3 Nf7 10. Rb1 Bb6 11. b4 a5 12. c5 Ba7 13. Bd2 axb4 14. axb4 b6 15. Be3
Ba6 16. cxb6 cxb6 17. b5 Bb7 18. bxc6 Bxc6 19. Nd5 b5 20. Bxa7 Rxa7 21. Nc3 Nd6
22. Qb3+ Rf7 23. Qc2 Ra3 24. Qb2 Qa8 25. Ra1 Ra7 26. Rxa7 Qxa7 27. Ra1 Qc5 28.
Rc1 Qb6 29. Na4 Qa5 30. Nc5 h6 31. Nb3 Qa6 32. Ra1 Qb6 33. Nc5 Qxc5 34. Rc1 Qb6
35. Ra1 b4 36. Rb1 Ba4 37. Qxb4 Qxb4 38. Rxb4 Bc2 39. Rb8+ Rf8 40. Rb2 Ba4 41.
Rb4 Bc6 42. Bd1 f5 43. Bb3+ Kh8 44. Nxe5 Ba8 45. Ng6+ Kh7 46. Nxf8+ Kh8 47.
Nxd7 f4 48. Rb8+ Kh7 49. Rxa8 Nf7 50. Bxf7 g5 51. e5 h5 52. e6 g4 53. e7 gxh3
54. e8=Q h2+ 55. Kh1 Kg7 56. Qg8+ Kh6 57. Qg6# 1-0

[Event "Junior Online 4NCL Division 4"]
[Site "online"]
[Date "2020.09.03"]
[Round "2.217"]
[White "Turner, Howie"]
[Black "Farsi-Holford, William"]
[Result "0-1"]
[WhiteElo "925"]
[BlackElo "1075"]
[PlyCount "68"]
[EventDate "2020.09.03"]
[WhiteTeam "Muswell Hill Primary"]
[BlackTeam "Wimbledon Juniors"]

1. e4 e5 2. Bc4 Nc6 3. Qf3 Nf6 4. Qd1 Bc5 5. Nh3 O-O 6. O-O h6 7. Nc3 d6 8. Re1
Bxh3 9. gxh3 Nh5 10. Re2 Qg5+ 11. Kh1 Nf4 12. Qf1 Nd4 13. Re3 Nde6 14. Re1 Bd4
15. Nd5 Nxd5 16. Bxd5 Nf4 17. d3 c6 18. Bxf4 Qxf4 19. Bc4 b5 20. b3 Bxa1 21.
Bxb5 cxb5 22. Re3 Bd4 23. Rg3 Bxf2 24. Rg2 Be3 25. Qg1 Bxg1 26. Rxg1 Rfe8 27.
Rg4 Qf1+ 28. Rg1 Qf2 29. Rg2 Qf3 30. Kg1 Qxh3 31. c4 Re6 32. cxb5 Rf6 33. Rf2
Rg6+ 34. Rg2 Qxg2# 0-1

[Event "Junior Online 4NCL Division 4"]
[Site "online"]
[Date "2020.09.03"]
[Round "2.218"]
[White "Kou, Edward"]
[Black "Rosenfield, Benjamin"]
[Result "1-0"]
[WhiteElo "925"]
[BlackElo "962"]
[PlyCount "59"]
[EventDate "2020.09.03"]
[WhiteTeam "Wimbledon Juniors"]
[BlackTeam "Muswell Hill Primary"]

1. e4 e5 2. Nf3 Nc6 3. Bc4 Nf6 4. Ng5 Be7 5. Nxf7 Rf8 6. Nxd8 Kxd8 7. O-O d6 8.
Nc3 Bf5 9. exf5 e4 10. Bd5 Nxd5 11. Nxd5 Bg5 12. Qg4 Bh6 13. Qxe4 Nb4 14. Nxb4
Re8 15. Qxb7 Rc8 16. Qxa7 Kd7 17. Qa4+ Kd8 18. f6 Rf8 19. Nc6+ Kd7 20. Ne7+ Kd8
21. Nxc8 Kxc8 22. fxg7 Rg8 23. Qa8+ Kd7 24. Qxg8 c5 25. Qf7+ Kc6 26. g8=Q Bf4
27. Qd5+ Kd7 28. Qg7+ Kd8 29. Qxd6+ Kc8 30. Qdf8# 1-0

[Event "Junior Online 4NCL Division 4"]
[Site "online"]
[Date "2020.09.03"]
[Round "2.221"]
[White "Bengani, Arihant"]
[Black "Toth, Nandor"]
[Result "0-1"]
[WhiteElo "1075"]
[BlackElo "1172"]
[PlyCount "52"]
[EventDate "2020.09.03"]
[WhiteTeam "May The Fork Be With You 7"]
[BlackTeam "St James Primary"]

1. d4 d5 2. c4 e6 3. Nc3 Nf6 4. Nf3 Bb4 5. Bd2 Nc6 6. cxd5 exd5 7. e3 Bg4 8. h3
Bh5 9. Bb5 a6 10. Bxc6+ bxc6 11. Ne5 Bxd1 12. Nxc6 Qd6 13. Nxb4 a5 14. Nbxd5
Nxd5 15. Nxd5 Qxd5 16. Rxd1 O-O 17. O-O Rae8 18. b4 axb4 19. Bxb4 Re6 20. Bxf8
Rg6 21. g4 Kxf8 22. Rfe1 Qf3 23. Kh2 Rh6 24. h4 Rxh4+ 25. Kg1 Qxg4+ 26. Kf1
Rh1# 0-1

[Event "Junior Online 4NCL Division 4"]
[Site "online"]
[Date "2020.09.03"]
[Round "2.222"]
[White "Crichton, Finlay"]
[Black "Patel, Kamran"]
[Result "0-1"]
[WhiteElo "1105"]
[BlackElo "1037"]
[PlyCount "140"]
[EventDate "2020.09.03"]
[WhiteTeam "St James Primary"]
[BlackTeam "May The Fork Be With You 7"]

1. e4 e5 2. Nf3 Nc6 3. Nc3 Nf6 4. Bb5 a6 5. Bxc6 dxc6 6. Nxe5 Bd6 7. Nf3 Bg4 8.
d3 Bb4 9. Bd2 Bxf3 10. Qxf3 Bxc3 11. Bxc3 O-O 12. O-O Re8 13. Rfe1 Re6 14. e5
Nd5 15. Bd4 Nb4 16. Be3 Nxc2 17. Rad1 Nxe1 18. Rxe1 Qxd3 19. Bf4 Qxf3 20. gxf3
Rg6+ 21. Kf1 Rd8 22. h4 Rd4 23. h5 Re6 24. Bg3 Rd2 25. Rb1 Rh6 26. Bf4 Rxh5 27.
Bxd2 Rh1+ 28. Ke2 Rxb1 29. b3 Rb2 30. f4 Rxa2 31. f5 Ra5 32. e6 Rxf5 33. e7
Re5+ 34. Kf3 Rxe7 35. Bg5 Rd7 36. Ke4 f6 37. Bf4 Re7+ 38. Kf5 Re2 39. f3 Rc2
40. Bxc7 Rc3 41. Ke4 Rxb3 42. Ba5 Ra3 43. Bb4 Ra4 44. Kf5 Rxb4 45. f4 g5 46.
fxg5 fxg5 47. Kxg5 a5 48. Kf6 a4 49. Ke5 a3 50. Kd6 a2 51. Kc5 Rb1 52. Kc4 a1=Q
53. Kc5 Qc3+ 54. Kd6 Rd1+ 55. Kc7 Qg7+ 56. Kb6 Qg1+ 57. Kc7 b5 58. Kxc6 Qe1 59.
Kc7 Qc3+ 60. Kb6 b4 61. Kb5 b3 62. Kb6 Rd5 63. Kb7 Qc5 64. Ka6 Rd6+ 65. Kb7 h5
66. Kb8 Qg5 67. Kc7 Rh6 68. Kd7 Qg7+ 69. Ke8 Ra6 70. Kd8 Ra8# 0-1